Ulice w Gdańsku zaczynające się na O - Statystyki

Ogólne statystyki
  • Ten quiz został rozwiązany 12 razy
  • Średni wynik to 12 z 61
Statystyki odpowiedzi
Odpowiedź % Poprawnych
Okólna
80%
Oliwska
60%
Obrońców Westerplatte
40%
Okopowa
40%
Okrąg
40%
Okrętowa
40%
Olimpijska
40%
Oliwkowa
40%
Opacka
40%
Opolska
40%
Orla
40%
Orłowska
40%
Osiedlowa
40%
Otomińska
40%
Otwarta
40%
Obrońców Wybrzeża
20%
Odrzańska
20%
Ogińskiego
20%
Ogrodowa
20%
Ojcowska
20%
Okrzei
20%
Okulickiego
20%
Olchowa
20%
Ołowianka
20%
Olsztyńska
20%
Olszyńska
20%
Orańska
20%
Orfeusza
20%
Oriona
20%
Orląt Lwowskich
20%
Ornitologów
20%
Orzechowa
20%
Orzeszkowej
20%
Osiedle
20%
Osiek
20%
Osowski Zakątek
20%
Ostrołęcka
20%
Ostroroga
20%
Ostróżek
20%
Owczarnia
20%
Owsiana
20%
Ożdżyńskiego
20%
Ozyrysa
20%
Obotrycka
0%
Obywatelska
0%
Odyseusza
0%
Ofiar Grudnia '70
0%
Ogarna
0%
Ogryczaków
0%
Oksywska
0%
Olejarna
0%
Olszewskiego
0%
Opłotki
0%
Orkana
0%
Orłowskiego
0%
Osińskiego
0%
Osterwy
0%
Ostrowskiej
0%
Ostrzycka
0%
Osty
0%
Otago
0%
Nie znaleziono quizów pasujących do podanych kryteriów
Rozkład punktacji
Procent ludzi z każdym wynikiem
Percentyl według liczby udzielonych odpowiedzi
Twoja historia wyników
Nie rozwiązałeś tego quizu